000 00658nam a2200265Ia 4500
005 20260121170052.0
008 008 260114s9999 xx 000 0 eng d
020 _a9789463005524
037 _aEBOOK
040 _aCRL
040 _beng
040 _cCRL
041 _2eng
041 _aeng
084 _qCRL
100 _aAnita G. Welch, Shaljan Areepattamannil
_91059430
245 0 _aDispositions in Teacher Education
260 _bSpringer
260 _bSpringer
260 _c2016
856 _uhttps://link.springer.com/openurl?genre=book&isbn=978-94-6300-552-4
942 _cEBOOK
999 _c1625159
_d1625159